missing letters mythical creatures - Statistics

General Stats
  • This quiz has been taken 18 times
  • The average score is 42 of 45
Answer Stats
Question Tile Select % Correct
d_ _g_o_ No
100%
d_ _g_o_ No
100%
d_ _g_o_ No
100%
d_ _g_o_ No
100%
d_ _g_o_ No
100%
d_ _g_o_ No
100%
d_ _g_o_ No
100%
_ _o_l No
100%
_ _o_l No
100%
_ _o_l No
100%
_ _o_l No
100%
_ _o_l No
100%
_ _o_l No
100%
d_ _g_o_ Yes
93%
d_ _g_o_ No
93%
_ _o_l No
93%
_y_ _o_s No
93%
_y_ _o_s No
93%
_y_ _o_s Yes
93%
_y_ _o_s No
93%
_y_ _o_s No
93%
_y_ _o_s No
93%
_y_ _o_s No
93%
_y_ _o_s No
93%
_y_ _o_s No
93%
_ _r_ _ _d No
93%
_ _r_ _ _d Yes
93%
_ _r_ _ _d No
93%
_ _r_ _ _d No
93%
_ _r_ _ _d No
93%
_ _r_ _ _d No
93%
_ _r_ _ _d No
93%
_ _r_ _ _d No
93%
_ _r_ _ _d No
93%
g_ _ _e No
93%
g_ _ _e No
93%
g_ _ _e No
93%
g_ _ _e No
93%
g_ _ _e No
93%
g_ _ _e No
93%
g_ _ _e No
93%
_ _o_l No
86%
_ _o_l Yes
79%
g_ _ _e No
79%
g_ _ _e Yes
79%
No matching quizzes found
Score Distribution
Percent of People with Each Score
Percentile by Number Answered
Your Score History
You have not taken this quiz